LEADER 00990cam0-22003491i-450- 001 990006810220403321 005 20110117141229.0 035 $a000681022 035 $aFED01000681022 035 $a(Aleph)000681022FED01 035 $a000681022 100 $a20010426d1994----km-y0itay50------ba 101 0 $aita 102 $aIT 105 $ay-------001yy 200 1 $aPsicoanalisi ed educazione sessuale$fSilvia Vegetti Finzi, Marina Catenazzi 210 $aRoma-Bari$cLaterza$d1994 215 $aXXXVI, 372 p.$d20 cm 225 1 $aStoria e società 610 0 $aEducazione sessuale 676 $a155.43$v19 700 1$aVegetti Finzi,$bSilvia$f<1938- >$0152452 701 1$aCatenazzi,$bMarina$0188384 801 0$aIT$bUNINA$gRICA$2UNIMARC 901 $aBK 912 $a990006810220403321 952 $aIX F 51$b24686$fFSPBC 952 $aB I/50$b299$fDMNUP 959 $aFSPBC 959 $aDMNUP 996 $aPsicoanalisi ed educazione sessuale$9633373 997 $aUNINA LEADER 02382nas 2200745-a 450 001 996211604003316 005 20240207204430.0 024 8 $aeb56797872 035 $a(DE-599)ZDB2496706-3 035 $a(OCoLC)319891682 035 $a(CKB)1000000000717120 035 $a(CONSER)--2009243793 035 $a(EXLCZ)991000000000717120 100 $a20090501a20099999 s-- - 101 0 $aeng 135 $aurcnu|||||||| 181 $ctxt$2rdacontent 182 $cc$2rdamedia 183 $acr$2rdacarrier 200 00$aDatabase $ethe journal of biological databases and curation 210 $aOxford $cOxford Journals$d2009- 215 $a1 online resource 300 $aRefereed/Peer-reviewed 300 $aTitle from journal home page (viewed May 1, 2009). 300 $aArticles are published continuously on the Internet. 311 $a1758-0463 517 3 $aJournal of biological databases and curation 531 $aJOURNAL OF BIOLOGICAL DATABASES AND CURATION 531 $aDATABASE 531 $aDatabase (Oxford) 531 $aOXFORD 531 $aDATABASE-OXFORD 531 10$aDatabase (Oxford) 531 0 $aDatabase 606 $aBiology$xDatabases$vPeriodicals 606 $aBioinformatics$vPeriodicals 606 $aBiology$xData processing$vPeriodicals 606 $aComputational Biology 606 $aBiologie$xBases de données$vPériodiques 606 $aBio-informatique$vPériodiques 606 $aBiologie$xInformatique$vPériodiques 606 $aBio-informatique 606 $aInformation Management$2ebps 606 $aBioinformatics$2fast$3(OCoLC)fst00832181 606 $aBiology$xData processing$2fast$3(OCoLC)fst00832406 608 $aPeriodical 608 $aPeriodicals.$2fast 608 $aPeriodicals.$2lcgft 610 $aBiology - General 615 0$aBiology$xDatabases 615 0$aBioinformatics 615 0$aBiology$xData processing 615 12$aComputational Biology 615 6$aBiologie$xBases de données 615 6$aBio-informatique 615 6$aBiologie$xInformatique 615 6$aBio-informatique. 615 7$aInformation Management. 615 7$aBioinformatics. 615 7$aBiology$xData processing. 712 02$aOxford Journals (Firm), 906 $aJOURNAL 912 $a996211604003316 996 $aDatabase$92252122 997 $aUNISA